000 00481nam a2200145Ia 4500
008 100122s9999 xx 000 0 und d
082 _b22031
_a823
100 _aबेलवलकर वासुदेव
245 _aकळस चढविला मंदिरी
260 _bललिता भावे
_c1971
300 _a519
630 _aकळस चढविला मंदिरी
730 _aकळस चढविला मंदिरी
942 _cBOOK
999 _c409985
_d409982